|
|
|
|
| LEADER |
00000nam0a2200000 4500 |
| 001 |
274179 |
| 005 |
20231101234713.0 |
| 035 |
|
|
|a (RuTPU)RU\TPU\book\297389
|
| 090 |
|
|
|a 274179
|
| 100 |
|
|
|a 20141031d1986 k y0engy50 ba
|
| 101 |
0 |
|
|a eng
|
| 102 |
|
|
|a NL
|
| 105 |
|
|
|a a z 001zy
|
| 200 |
1 |
|
|a Contemporary Theory of Chemical Isomerism
|f Z. Slanina
|
| 210 |
|
|
|a Dordrecht
|c Academia
|d 1986
|
| 215 |
|
|
|a 256 p.
|c il.
|
| 320 |
|
|
|a References: p. 228-249
|
| 320 |
|
|
|a Subject Index: p. 250-254
|
| 606 |
1 |
|
|a Изомерия
|2 stltpush
|3 (RuTPU)RU\TPU\subj\70620
|9 84826
|
| 610 |
1 |
|
|a физическая химия
|
| 610 |
1 |
|
|a химические соединения
|
| 610 |
1 |
|
|a строение
|
| 610 |
1 |
|
|a химические вещества
|
| 610 |
1 |
|
|a изометрический метод
|
| 610 |
1 |
|
|a английский язык
|
| 675 |
|
|
|a 544.12/.13
|v 3
|
| 700 |
|
1 |
|a Slanina
|b Z.
|g Zdenek
|
| 801 |
|
1 |
|a RU
|b 63413507
|c 20141031
|
| 801 |
|
2 |
|a RU
|b 63413507
|c 20170119
|g RCR
|
| 942 |
|
|
|c BK
|